[Event "ITA-chT GpA 55th"]
[Site "Vasto"]
[Date "2024.04.12"]
[Round "7.8"]
[White "Belli, Giorgio"]
[Black "Corvi, Marco"]
[Result "1-0"]
[WhiteElo "2109"]
[BlackElo "2185"]
[PlyCount "67"]
[EventDate "2024.04.08"]
[EventType "team-tourn"]
[EventRounds "7"]
[EventCountry "ITA"]
[SourceTitle "CB16_2024"]
[SourceDate "2024.04.17"]
[SourceVersion "1"]
[SourceVersionDate "2024.04.17"]
[SourceQuality "1"]
[WhiteTeam "Palmascacchi Blacks"]
[BlackTeam "Lazio Scacchi"]
[WhiteTeamCountry "ITA"]
[BlackTeamCountry "ITA"]

1. e4 c5 2. Nf3 Nc6 3. Bb5 g6 4. Bxc6 bxc6 5. d4 cxd4 6. Qxd4 Nf6 7. e5 Nd5 8. c4 Nc7 9. Nc3 Bg7 10. 0-0 Ne6 11. Qh4 Ba6 12. Re1 Rb8 13. b3 h6 14. Be3 Qc7 15. Rac1 Qb7 16. Ne4 Qc7 17. Nc5 Bc8 18. Nxe6 dxe6 19. Bc5 g5 20. Qd4 0-0 21. Bxa7 Rb7 22. Bc5 Qa5 23. Re2 Rd7 24. Qe3 g4 25. b4 Qd8 26. Nd4 Qc7 27. a4 Rfd8 28. a5 f6 29. exf6 Bxf6 30. Nxe6 Rd1+ 31. Re1 Rxe1+ 32. Rxe1 Bxe6 33. Qxe6+ Kh8 34. Bb6 1-0

[Event "Rome La Regina op 3rd"]
[Site "Rome"]
[Date "2023.07.30"]
[Round "5"]
[White "Mammi, Samuele"]
[Black "Corvi, Marco"]
[Result "0-1"]
[WhiteElo "2014"]
[BlackElo "2247"]
[PlyCount "76"]
[EventDate "2023.07.28"]
[EventType "swiss"]
[EventRounds "5"]
[EventCountry "ITA"]
[SourceTitle "CBM 215 Extra"]
[Source "ChessBase"]
[SourceDate "2023.09.30"]
[SourceVersion "1"]
[SourceVersionDate "2023.09.30"]
[SourceQuality "1"]

1. c4 c5 2. Nc3 Nc6 3. g3 g6 4. Bg2 Bg7 5. d3 d6 6. e4 Nf6 7. Nge2 0-0 8. Rb1 Bd7 9. a3 a5 10. 0-0 Ne8 11. Be3 Nd4 12. b4 axb4 13. axb4 b6 14. Nd5 e6 15. Nxb6 Qxb6 16. bxc5 Qxc5 17. e5 Nxe2+ 18. Qxe2 Qc8 19. exd6 Nxd6 20. Bxa8 Qxa8 21. Bc5 Nf5 22. Bxf8 Nd4 23. Qe4 Nf3+ 24. Kg2 Bc6 25. Bd6 Nh4+ 26. Kg1 Bxe4 27. gxh4 Bb7 28. Rb3 Qc8 29. Rb6 Bd4 30. c5 e5 31. h3 Qxh3 32. Rxb7 Qg3+ 33. Kh1 Qf3+ 34. Kg1 Qxb7 35. Rc1 Bxf2+ 36. Kh2 Qf3 37. Bxe5 Qe3 38. Bb2 Qg3+ 0-1

[Event "ITA-chT GpB 54th"]
[Site "Bacoli"]
[Date "2023.04.26"]
[Round "3"]
[White "Corvi, Marco"]
[Black "Lumachi, Gabriele"]
[Result "0-1"]
[WhiteElo "2237"]
[BlackElo "2357"]
[PlyCount "70"]
[EventDate "2023.04.25"]
[EventType "team-tourn"]
[EventRounds "7"]
[EventCountry "ITA"]
[SourceTitle "CBM 213 Extra"]
[Source "ChessBase"]
[SourceDate "2023.05.31"]
[SourceVersion "1"]
[SourceVersionDate "2023.05.31"]
[SourceQuality "1"]
[WhiteTeam "Lazio Scacchi"]
[BlackTeam "Arrocco"]
[WhiteTeamCountry "ITA"]
[BlackTeamCountry "ITA"]

1. c4 e6 2. Nc3 d5 3. e3 Nf6 4. Nf3 dxc4 5. Bxc4 a6 6. d4 b5 7. Be2 Bb7 8. 0-0 Nbd7 9. a3 Bd6 10. Qc2 c5 11. Rd1 Rc8 12. Qd3 cxd4 13. exd4 0-0 14. Be3 Nb6 15. Ne5 Nbd5 16. Nxd5 Bxd5 17. Bg5 h6 18. Bh4 Be7 19. Bf3 Bxf3 20. Qxf3 Nd5 21. Bxe7 Qxe7 22. Rac1 Rc7 23. Nd3 Rxc1 24. Rxc1 Qh4 25. g4 f5 26. Qg3 Qxg4 27. Qxg4 fxg4 28. Rc6 Rf3 29. Ne5 Rf4 30. Kg2 Rxd4 31. Kg3 Nf6 32. Rxa6 Nh5+ 33. Kh4 g3+ 34. Kxh5 gxh2 35. Kg6 h1Q 0-1

[Event "Montesilvano Easter op 8th"]
[Site "Montesilvano"]
[Date "2023.04.10"]
[Round "5"]
[White "Corvi, Marco"]
[Black "Carlo, Emanuele"]
[Result "1/2-1/2"]
[WhiteElo "2237"]
[BlackElo "2321"]
[PlyCount "53"]
[EventDate "2023.04.07"]
[EventType "swiss"]
[EventRounds "6"]
[EventCountry "ITA"]
[SourceTitle "CBM 213 Extra"]
[Source "ChessBase"]
[SourceDate "2023.05.31"]
[SourceVersion "1"]
[SourceVersionDate "2023.05.31"]
[SourceQuality "1"]

1. c4 c5 2. Nf3 Nf6 3. e3 d5 4. cxd5 Nxd5 5. Nc3 e6 6. Be2 Be7 7. 0-0 0-0 8. d4 cxd4 9. Nxd5 Qxd5 10. Qxd4 Qxd4 11. Nxd4 e5 12. Nb5 Nc6 13. e4 Bc5 14. Be3 Nd4 15. Bxd4 exd4 16. Rac1 b6 17. a3 a5 18. Rfd1 Bb7 19. Nxd4 Bxe4 20. Bf3 Bxf3 21. Nxf3 Rfd8 22. a4 f6 23. Kf1 Kf7 24. Nd2 Rd4 25. Nb3 Rxa4 26. Nxc5 bxc5 27. Rxc5 1/2-1/2

[Event "Montesilvano Easter op 8th"]
[Site "Montesilvano"]
[Date "2023.04.10"]
[Round "6"]
[White "Verga, Francesco"]
[Black "Corvi, Marco"]
[Result "0-1"]
[WhiteElo "1901"]
[BlackElo "2237"]
[PlyCount "64"]
[EventDate "2023.04.07"]
[EventType "swiss"]
[EventRounds "6"]
[EventCountry "ITA"]
[SourceTitle "CBM 213 Extra"]
[Source "ChessBase"]
[SourceDate "2023.05.31"]
[SourceVersion "1"]
[SourceVersionDate "2023.05.31"]
[SourceQuality "1"]

1. e4 c5 2. Nf3 Nc6 3. d4 cxd4 4. Nxd4 e5 5. Nb5 a6 6. Nd6+ Bxd6 7. Qxd6 Qf6 8. Qd1 Qg6 9. Nc3 d5 10. Nxd5 Qxe4+ 11. Be3 Nd4 12. Nc7+ Ke7 13. Rc1 Bg4 14. Qd3 Qxd3 15. Bxd3 Rd8 16. Bc4 Nxc2+ 17. Kf1 Nxe3+ 18. fxe3 Nf6 19. h3 Bf5 20. g4 Be4 21. Rh2 Rc8 22. Bb3 Bc6 23. g5 Rxc7 24. gxf6+ gxf6 25. Kf2 Rd7 26. Rd1 Rxd1 27. Bxd1 Rd8 28. Ke1 Rg8 29. Bg4 Be4 30. Rf2 Rg5 31. Rd2 f5 32. Be2 Rg3 0-1

[Event "Montesilvano Easter op 8th"]
[Site "Montesilvano"]
[Date "2023.04.08"]
[Round "3"]
[White "Corvi, Marco"]
[Black "Pescatore, Lorenzo"]
[Result "1/2-1/2"]
[WhiteElo "2237"]
[BlackElo "2338"]
[PlyCount "26"]
[EventDate "2023.04.07"]
[EventType "swiss"]
[EventRounds "6"]
[EventCountry "ITA"]
[SourceTitle "CBM 213 Extra"]
[Source "ChessBase"]
[SourceDate "2023.05.31"]
[SourceVersion "1"]
[SourceVersionDate "2023.05.31"]
[SourceQuality "1"]

1. c4 e5 2. Nc3 Bb4 3. Qc2 Nc6 4. Nf3 Nf6 5. e3 0-0 6. Nd5 Re8 7. Bd3 g6 8. h4 Bf8 9. Nxf6+ Qxf6 10. a3 d6 11. Be4 Bg7 12. b3 Bf5 13. d3 Ne7 1/2-1/2

[Event "ITA-ch sf 81st"]
[Site "Acqui Terme"]
[Date "2022.06.14"]
[Round "4"]
[White "Gioseffi, Massimiliano"]
[Black "Corvi, Marco"]
[Result "1/2-1/2"]
[WhiteElo "2136"]
[BlackElo "2318"]
[PlyCount "74"]
[EventDate "2022.06.12"]
[EventType "swiss"]
[EventRounds "9"]
[EventCountry "ITA"]
[SourceTitle "CBM 208 Extra"]
[Source "ChessBase"]
[SourceDate "2022.07.31"]
[SourceVersion "1"]
[SourceVersionDate "2022.07.31"]
[SourceQuality "1"]

1. d4 Nf6 2. c4 e6 3. Nc3 Bb4 4. e3 0-0 5. Nge2 Re8 6. a3 Bf8 7. d5 e5 8. e4 a5 9. Ng3 Na6 10. Bd3 Nc5 11. Bc2 d6 12. h3 c6 13. 0-0 b5 14. dxc6 bxc4 15. Bg5 Be6 16. Nd5 Bxd5 17. exd5 Be7 18. Bxf6 Bxf6 19. Ne4 Nxe4 20. Bxe4 g6 21. Qc2 Bg7 22. Qxc4 f5 23. Bc2 e4 24. Rab1 Be5 25. b4 axb4 26. axb4 Qb6 27. Rfe1 Re7 28. Rb3 h5 29. h4 Bf6 30. g3 Bd4 31. Re2 Rf7 32. Kg2 Ra1 33. Rb1 Ra3 34. Rb3 Ra1 35. Rb1 Ra3 36. Rb3 Ra1 37. Rb1 Raa7 1/2-1/2

[Event "ITA-ch sf 81st"]
[Site "Acqui Terme"]
[Date "2022.06.12"]
[Round "1"]
[White "Corvi, Marco"]
[Black "Cina`, Vittorio"]
[Result "1-0"]
[WhiteElo "2318"]
[BlackElo "2034"]
[PlyCount "65"]
[EventDate "2022.06.12"]
[EventType "swiss"]
[EventRounds "9"]
[EventCountry "ITA"]
[SourceTitle "CBM 208 Extra"]
[Source "ChessBase"]
[SourceDate "2022.07.31"]
[SourceVersion "1"]
[SourceVersionDate "2022.07.31"]
[SourceQuality "1"]

1. c4 e6 2. Nf3 Nf6 3. Nc3 b6 4. g3 Bb7 5. Bg2 Be7 6. 0-0 0-0 7. d4 Ne4 8. Nxe4 Bxe4 9. d5 Bf6 10. a4 Na6 11. Nd4 Bxg2 12. Kxg2 Qe7 13. Nb5 Qc5 14. Qb3 c6 15. Be3 Qb4 16. Qxb4 Nxb4 17. dxc6 dxc6 18. Nc3 Rfd8 19. Rfc1 c5 20. a5 Nc6 21. axb6 axb6 22. Bf4 Bxc3 23. Rxa8 Rxa8 24. Rxc3 e5 25. Be3 Ra4 26. g4 Kf8 27. f4 Ke7 28. Kf3 Rb4 29. b3 exf4 30. Kxf4 Ke6 31. Bd2 Kf6 32. Rd3 g5+ 33. Ke4 1-0

[Event "Rome Lazio op 28th"]
[Site "Rome"]
[Date "2021.11.21"]
[Round "5"]
[White "Corvi, Marco"]
[Black "Agostini, Maurizio"]
[Result "1-0"]
[WhiteElo "2284"]
[BlackElo "1928"]
[PlyCount "149"]
[EventDate "2021.11.19"]
[EventType "swiss"]
[EventRounds "5"]
[EventCountry "ITA"]
[SourceTitle "CBM 205 Extra"]
[Source "ChessBase"]
[SourceDate "2022.01.31"]
[SourceVersion "1"]
[SourceVersionDate "2022.01.31"]
[SourceQuality "1"]

1. c4 f5 2. Nc3 Nf6 3. d4 e6 4. Qc2 Bb4 5. e3 c5 6. Bd3 Nc6 7. Nge2 Bxc3+ 8. bxc3 b6 9. Ba3 d6 10. d5 Ne5 11. dxe6 Nxd3+ 12. Qxd3 Bxe6 13. Ng3 Qd7 14. Rd1 Rd8 15. e4 fxe4 16. Nxe4 Nxe4 17. Qxe4 0-0 18. 0-0 Qf7 19. Qh4 Bxc4 20. Rfe1 Rde8 21. Bc1 Bxa2 22. Be3 Bd5 23. f3 Bxf3 24. gxf3 Qxf3 25. Bf2 Qxc3 26. Bg3 Rxe1+ 27. Rxe1 Qd4+ 28. Qxd4 cxd4 29. Bxd6 Rd8 30. Be5 Re8 31. Kf2 d3 32. Re3 d2 33. Ke2 Rd8 34. Kd1 Rd5 35. Bc3 Rh5 36. Be5 b5 37. Kxd2 a5 38. Kc3 Kf7 39. Kd4 b4 40. Kc4 g5 41. Bg3 g4 42. Re4 Rg5 43. Bh4 Rf5 44. Rxg4 Rf3 45. Be1 h5 46. Rd4 Rf1 47. Bd2 Kg6 48. Rd6+ Kf5 49. Rd5+ Kg4 50. Rxa5 Rf2 51. Rg5+ Kf3 52. Rf5+ Kg2 53. Rxf2+ Kxf2 54. Bf4 Kg2 55. Kxb4 Kf3 56. Bb8 Kg4 57. Kc4 Kf3 58. Kd3 Kg4 59. Ke2 Kh3 60. Kf1 Kg4 61. Kg2 Kh4 62. h3 Kg5 63. Bc7 Kf5 64. Kg3 Kg5 65. Bd8+ Kg6 66. Kh4 Kh6 67. Bg5+ Kg6 68. Bc1 Kh7 69. Kxh5 Kg7 70. Kg5 Kh7 71. Bb2 Kg8 72. Kg6 Kf8 73. h4 Kg8 74. h5 Kf8 75. h6 1-0

[Event "Rome Lazio op 28th"]
[Site "Rome"]
[Date "2021.11.21"]
[Round "4"]
[White "Machidon, Cristi"]
[Black "Corvi, Marco"]
[Result "0-1"]
[WhiteElo "2288"]
[BlackElo "2284"]
[PlyCount "122"]
[EventDate "2021.11.19"]
[EventType "swiss"]
[EventRounds "5"]
[EventCountry "ITA"]
[SourceTitle "CBM 205 Extra"]
[Source "ChessBase"]
[SourceDate "2022.01.31"]
[SourceVersion "1"]
[SourceVersionDate "2022.01.31"]
[SourceQuality "1"]

1. e4 c5 2. Nf3 e6 3. Nc3 Nc6 4. d4 cxd4 5. Nxd4 Nf6 6. Nxc6 bxc6 7. e5 Nd5 8. Ne4 Qc7 9. f4 Rb8 10. a3 f5 11. exf6 Nxf6 12. Nxf6+ gxf6 13. Qh5+ Kd8 14. Bd3 d5 15. 0-0 Bc5+ 16. Kh1 Rb7 17. c4 Rg8 18. b4 Bd4 19. Ra2 Qg7 20. Rd1 e5 21. Qh4 Bg4 22. Rf1 e4 23. Be2 Rd7 24. Rd1 Be6 25. g4 Bc3 26. Rc2 d4 27. f5 Bxf5 28. Bh6 Qg6 29. Rf1 d3 30. Bxd3 Rxd3 31. gxf5 Qxf5 32. Rcf2 Qg4 33. Qxg4 Rxg4 34. Bf4 Ke7 35. Bg3 Ke6 36. b5 cxb5 37. cxb5 e3 38. Re2 Be5 39. Kg2 Rxa3 40. Kf3 Rb4 41. Rxe3 Rxe3+ 42. Kxe3 Rxb5 43. Rc1 a5 44. Rc6+ Kd5 45. Ra6 h5 46. Kf3 Rb3+ 47. Kg2 Ra3 48. Kh3 Ra4 49. Be1 Ra3+ 50. Kh4 a4 51. Bb4 Ra2 52. h3 Ke4 53. Kxh5 f5 54. Re6 Kd5 55. Re8 Rb2 56. Rxe5+ Kxe5 57. Bc3+ Ke4 58. Bxb2 f4 59. Kg4 f3 60. Kg3 Ke3 61. Ba3 Ke2 0-1

[Event "ITA-chTB 52nd"]
[Site "Montesilvano"]
[Date "2021.09.23"]
[Round "5.2"]
[White "Corvi, Marco"]
[Black "Aghayev, Miragha"]
[Result "1/2-1/2"]
[WhiteElo "2255"]
[BlackElo "2388"]
[PlyCount "142"]
[EventDate "2021.09.20"]
[EventType "team-tourn"]
[EventRounds "7"]
[EventCountry "ITA"]
[SourceTitle "CBM 204 Extra"]
[Source "ChessBase"]
[SourceDate "2021.11.30"]
[SourceVersion "1"]
[SourceVersionDate "2021.11.30"]
[SourceQuality "1"]
[WhiteTeam "Lazio Scacchi"]
[BlackTeam "Rome Arrocco"]
[WhiteTeamCountry "ITA"]
[BlackTeamCountry "ITA"]

1. c4 e6 2. Nc3 d5 3. e3 Nf6 4. Nf3 c5 5. cxd5 Nxd5 6. Be2 Be7 7. 0-0 0-0 8. Nxd5 Qxd5 9. d4 Nc6 10. dxc5 Qxc5 11. e4 Rd8 12. Qa4 Qb4 13. Qxb4 Nxb4 14. Bf4 b6 15. Rac1 Nxa2 16. Ra1 Nb4 17. Bc7 Rd7 18. Bxb6 Nc2 19. Rac1 axb6 20. Rxc2 Bc5 21. Ne5 Rda7 22. b4 Bf8 23. Nc4 Rc7 24. Rd2 b5 25. Nd6 Bd7 26. e5 Rb8 27. Ra1 f6 28. f4 Be7 29. Rda2 fxe5 30. Ra8 Rf8 31. Rxf8+ Bxf8 32. fxe5 Rc2 33. Bg4 Bxd6 34. exd6 Rd2 35. Ra6 Kf7 36. Rb6 Kf6 37. Rb8 Rxd6 38. Be2 Rd4 39. Rb7 Bc6 40. Rb6 Bd7 41. Rb7 Be8 42. Rb8 Bc6 43. Rb6 Bd7 44. Rb7 h6 45. Kf2 g6 46. Ke3 Ke5 47. Bd3 g5 48. g3 Be8 49. Rb8 Bd7 50. Rb7 h5 51. h4 gxh4 52. gxh4 Be8 53. Rb8 Bc6 54. Rb6 Bd5 55. Rxb5 Rxh4 56. Rb8 Rh3+ 57. Kd2 Kd4 58. Be2 Rh2 59. Rd8 h4 60. b5 Kc5 61. Ke3 h3 62. Rc8+ Kb6 63. Rh8 Rh1 64. Bf3 Bxf3 65. Kxf3 Kxb5 66. Rh6 Rc1 67. Ke4 Re1+ 68. Kf3 Ra1 69. Ke4 Kc5 70. Rxh3 Ra4+ 71. Ke5 Rc4 1/2-1/2

[Event "ITA-chTB 52nd"]
[Site "Montesilvano"]
[Date "2021.09.21"]
[Round "3.2"]
[White "Ortega, Lexy"]
[Black "Corvi, Marco"]
[Result "0-1"]
[WhiteElo "2459"]
[BlackElo "2255"]
[PlyCount "70"]
[EventDate "2021.09.20"]
[EventType "team-tourn"]
[EventRounds "7"]
[EventCountry "ITA"]
[SourceTitle "CBM 204 Extra"]
[Source "ChessBase"]
[SourceDate "2021.11.30"]
[SourceVersion "1"]
[SourceVersionDate "2021.11.30"]
[SourceQuality "1"]
[WhiteTeam "Partenopea"]
[BlackTeam "Lazio Scacchi"]
[WhiteTeamCountry "ITA"]
[BlackTeamCountry "ITA"]

1. d4 Nf6 2. Nf3 g6 3. Nc3 d5 4. Bf4 Bg7 5. e3 0-0 6. Be2 a6 7. Ne5 Ne4 8. Nxe4 dxe4 9. h4 c5 10. c3 cxd4 11. exd4 Nd7 12. Nxd7 Bxd7 13. h5 Qb6 14. Qd2 e5 15. Bxe5 e3 16. Qxe3 Qxb2 17. Rd1 Rfe8 18. hxg6 hxg6 19. g4 f6 20. f4 fxe5 21. dxe5 Bb5 22. Rh2 Bxe2 23. Rxe2 Qb5 24. g5 Qc6 25. Kf2 Rad8 26. Rd4 Bf8 27. Rxd8 Rxd8 28. Qe4 Bc5+ 29. Ke1 Qxe4 30. Rxe4 Kf7 31. Re2 Rh8 32. Kd2 Rh3 33. Re4 Ke6 34. Kc2 Rf3 35. a4 Re3 0-1

[Event "ITA-ch sf 80th"]
[Site "Civitanova Marche"]
[Date "2021.07.19"]
[Round "3"]
[White "Bellia, Fabrizio"]
[Black "Corvi, Marco"]
[Result "1-0"]
[WhiteElo "2418"]
[BlackElo "2278"]
[PlyCount "63"]
[EventDate "2021.07.17"]
[EventType "swiss"]
[EventRounds "9"]
[EventCountry "ITA"]
[SourceTitle "CBM 203 Extra"]
[Source "ChessBase"]
[SourceDate "2021.09.30"]
[SourceVersion "1"]
[SourceVersionDate "2021.09.30"]
[SourceQuality "1"]

1. e4 Nf6 2. e5 Nd5 3. d4 d6 4. c4 Nb6 5. exd6 cxd6 6. Nc3 g6 7. Be3 Bg7 8. Rc1 0-0 9. Nf3 Bg4 10. Be2 Nc6 11. d5 Bxf3 12. Bxf3 Ne5 13. b3 Nxf3+ 14. Qxf3 Nd7 15. 0-0 a6 16. Qd1 Qa5 17. Bd4 Bxd4 18. Qxd4 b5 19. Rfe1 Rfe8 20. h4 bxc4 21. bxc4 Rac8 22. Ne4 Nc5 23. Ng5 f6 24. Nf3 Qxa2 25. h5 Nb3 26. Qe4 Nxc1 27. hxg6 Qxc4 28. Qe6+ Kh8 29. Re4 Ne2+ 30. Kh2 Qc1 31. Rh4 Qf4+ 32. g3 1-0

[Event "ITA-ch sf 80th"]
[Site "Civitanova Marche"]
[Date "2021.07.17"]
[Round "1"]
[White "Fuochi, Tommaso"]
[Black "Corvi, Marco"]
[Result "1/2-1/2"]
[WhiteElo "1990"]
[BlackElo "2278"]
[PlyCount "140"]
[EventDate "2021.07.17"]
[EventType "swiss"]
[EventRounds "9"]
[EventCountry "ITA"]
[SourceTitle "CBM 203 Extra"]
[Source "ChessBase"]
[SourceDate "2021.09.30"]
[SourceVersion "1"]
[SourceVersionDate "2021.09.30"]
[SourceQuality "1"]

1. Nf3 d6 2. c4 g6 3. g3 Bg7 4. Bg2 e5 5. Nc3 f5 6. d3 Nf6 7. Bg5 h6 8. Bxf6 Qxf6 9. 0-0 0-0 10. Rb1 c6 11. Nd2 Na6 12. e3 Nc5 13. Qc2 a5 14. b3 g5 15. a3 e4 16. d4 g4 17. Ne2 Nd3 18. Nxe4 fxe4 19. Bxe4 Nxf2 20. Bh7+ Kh8 21. Nf4 Bf5 22. Bxf5 Nh3+ 23. Nxh3 gxh3 24. Bxh3 Qg5 25. Qd3 c5 26. d5 h5 27. Rxf8+ Rxf8 28. Qe4 Be5 29. Rf1 Kg7 30. Rxf8 Kxf8 31. Kf2 Qf6+ 32. Ke2 h4 33. Qxh4 Qxh4 34. gxh4 Bb2 35. a4 Kg7 36. Kf3 Kf6 37. Bc8 b6 38. Ke4 Bc1 39. Kf4 Bb2 40. h3 Be5+ 41. Kg4 Bc3 42. h5 Bd2 43. Kf4 Bc3 44. Bf5 Be5+ 45. Kg4 Kf7 46. h6 Ba1 47. Bd3 Kf6 48. h7 Kf7 49. Kf5 Bh8 50. Be2 Ke7 51. h4 Kf7 52. Bf3 Ke7 53. Bh5 Kd7 54. Kg6 Ke7 55. Bg4 Kf8 56. h5 Be5 57. e4 Bh8 58. Kf5 Kf7 59. h6 Ke7 60. Kg6 Kf8 61. Bh5 Be5 62. Bd1 Bh8 63. Bc2 Be5 64. h8Q+ Bxh8 65. Kf5 Ke7 66. Kg6 Kf8 67. Bd3 Be5 68. h7 Bh8 69. e5 Bxe5 70. h8Q+ Bxh8 1/2-1/2

[Event "Titled Tuesday intern op 06th Apr"]
[Site "Chess.com INT"]
[Date "2021.04.06"]
[Round "2"]
[White "Corvi, Marco"]
[Black "Spitzl, Vinzent"]
[Result "0-1"]
[WhiteElo "2279"]
[BlackElo "2346"]
[PlyCount "138"]
[EventDate "2021.04.06"]
[EventType "swiss (blitz)"]
[EventRounds "11"]
[EventCountry "USA"]
[SourceTitle "CBM 201 Extra"]
[Source "ChessBase"]
[SourceDate "2021.05.31"]
[SourceVersion "1"]
[SourceVersionDate "2021.05.31"]
[SourceQuality "1"]

1. c4 e6 2. Nc3 d5 3. cxd5 exd5 4. d4 Nf6 5. Nf3 Bb4 6. e3 0-0 7. Bd2 Bf5 8. Be2 c5 9. 0-0 Nc6 10. a3 Bxc3 11. Bxc3 c4 12. Ne5 Ne4 13. Nxc6 bxc6 14. Bf3 Nxc3 15. bxc3 Rb8 16. Qd2 Qb6 17. h3 Qb2 18. Rfd1 Qxd2 19. Rxd2 Rb3 20. Rc1 Rxa3 21. e4 Bxe4 22. Bxe4 dxe4 23. g4 h5 24. Kg2 hxg4 25. hxg4 Re8 26. Re2 a5 27. Kg3 g5 28. f4 f6 29. fxg5 fxg5 30. Kf2 a4 31. Ke3 Kg7 32. Rf2 Rb3 33. Rf5 Kg6 34. Rc5 Re6 35. Rxc4 a3 36. Ra4 Kf6 37. Ra5 Ke7 38. Rxg5 a2 39. Ra1 Rxc3+ 40. Ke2 Rc2+ 41. Ke3 Rc3+ 42. Ke2 Ra3 43. Rh5 Kd6 44. Rf5 Rh6 45. g5 Rh2+ 46. Rf2 Rxf2+ 47. Kxf2 Ke6 48. Ke2 Kf5 49. Kd2 Kxg5 50. Kc2 Kf4 51. Kb2 Ra5 52. Rf1+ Ke3 53. Ka1 Kxd4 54. Rd1+ Ke3 55. Re1+ Kf3 56. Rf1+ Ke2 57. Rc1 e3 58. Rxc6 Ke1 59. Rc1+ Kd2 60. Rc2+ Kd3 61. Rc3+ Kd4 62. Rc2 Ke4 63. Rh2 Kf3 64. Rh3+ Kf2 65. Rh2+ Kg3 66. Re2 Kf3 67. Rb2 e2 68. Rb3+ Kf2 69. Rb2 Kf1 0-1

[Event "Titled Tuesday intern op 29th Dec"]
[Site "Chess.com INT"]
[Date "2020.12.29"]
[Round "3"]
[White "Corvi, Marco"]
[Black "Grinberg, Eyal"]
[Result "0-1"]
[WhiteElo "2279"]
[BlackElo "2491"]
[PlyCount "86"]
[EventDate "2020.12.29"]
[EventType "swiss (blitz)"]
[EventRounds "11"]
[EventCountry "USA"]
[SourceTitle "CBM 200 Extra"]
[Source "ChessBase"]
[SourceDate "2021.03.31"]
[SourceVersion "1"]
[SourceVersionDate "2021.03.31"]
[SourceQuality "1"]

1. c4 c5 2. Nc3 Nc6 3. Nf3 g6 4. g3 Bg7 5. Bg2 Nh6 6. 0-0 0-0 7. e4 d6 8. d3 f5 9. Ng5 fxe4 10. dxe4 Kh8 11. h3 Nf7 12. Nxf7+ Rxf7 13. Be3 Be6 14. Nd5 Qd7 15. Kh2 Bxb2 16. Rb1 Bd4 17. Qd2 Raf8 18. f4 Bxe3 19. Qxe3 Nd4 20. g4 Bxd5 21. exd5 b6 22. Rbe1 Qa4 23. Rf2 Qxc4 24. Rc1 Qa4 25. Be4 Qd7 26. Rd1 Rf6 27. g5 R6f7 28. Rxd4 cxd4 29. Qxd4+ Kg8 30. Kg3 Rc8 31. h4 Qc7 32. Rf3 Qc5 33. Qd3 Qg1+ 34. Kh3 Rc1 35. Rg3 Qf2 36. Kg4 Rxf4+ 37. Kh3 Rf7 38. Bxg6 hxg6 39. Qxg6+ Kf8 40. Qh6+ Ke8 41. Qh8+ Kd7 42. g6 Rh1+ 43. Kg4 Qf5# 0-1

[Event "Titled Tuesday intern op 29th Dec"]
[Site "Chess.com INT"]
[Date "2020.12.29"]
[Round "1"]
[White "Manukyan, Artyom"]
[Black "Corvi, Marco"]
[Result "0-1"]
[WhiteElo "2148"]
[BlackElo "2279"]
[PlyCount "58"]
[EventDate "2020.12.29"]
[EventType "swiss (blitz)"]
[EventRounds "11"]
[EventCountry "USA"]
[SourceTitle "CBM 200 Extra"]
[Source "ChessBase"]
[SourceDate "2021.03.31"]
[SourceVersion "1"]
[SourceVersionDate "2021.03.31"]
[SourceQuality "1"]

1. e4 Nf6 2. e5 Nd5 3. d4 d6 4. Nf3 dxe5 5. Nxe5 c6 6. Be2 Bf5 7. 0-0 Nd7 8. Nf3 e6 9. c4 Nb4 10. Nc3 Be7 11. a3 Na6 12. Bf4 0-0 13. h3 h6 14. b4 Nc7 15. Rc1 Ne8 16. Bh2 Bd6 17. Re1 Bxh2+ 18. Nxh2 Nef6 19. Nf3 Ne4 20. Bd3 Nxc3 21. Rxc3 Bxd3 22. Rxd3 Qc7 23. Ne5 Nxe5 24. Rxe5 Rad8 25. Qe2 Rd7 26. Re4 Rfd8 27. Rg4 g6 28. Qe4 Kh7 29. h4 f5 0-1

[Event "Titled Tuesday intern op 29th Dec"]
[Site "Chess.com INT"]
[Date "2020.12.29"]
[Round "2"]
[White "Novik, Maxim"]
[Black "Corvi, Marco"]
[Result "1-0"]
[WhiteElo "2434"]
[BlackElo "2279"]
[PlyCount "77"]
[EventDate "2020.12.29"]
[EventType "swiss (blitz)"]
[EventRounds "11"]
[EventCountry "USA"]
[SourceTitle "CBM 200 Extra"]
[Source "ChessBase"]
[SourceDate "2021.03.31"]
[SourceVersion "1"]
[SourceVersionDate "2021.03.31"]
[SourceQuality "1"]

1. Nf3 f5 2. g3 Nf6 3. Bg2 d6 4. 0-0 e5 5. c4 Be7 6. Nc3 0-0 7. d3 Nc6 8. a3 Qe8 9. b4 Qh5 10. Bg5 h6 11. Bxf6 Bxf6 12. Nd5 Bd8 13. b5 Ne7 14. Qb3 Nxd5 15. cxd5 f4 16. Rac1 Bh3 17. Rc4 b6 18. Rfc1 Bxg2 19. Kxg2 a6 20. Ra4 a5 21. Qd1 Rf7 22. Rc2 g5 23. Nd2 g4 24. Ne4 Bg5 25. Rac4 Bd8 26. d4 a4 27. dxe5 f3+ 28. exf3 gxf3+ 29. Kg1 Qxe5 30. R2c3 Ra5 31. Rxf3 Rxf3 32. Qxf3 Rxb5 33. Kg2 Rb3 34. Qg4+ Kh7 35. Qd7+ Be7 36. Qxa4 Rd3 37. Qe8 Rxd5 38. Qf7+ Kh8 39. Ra4 1-0

[Event "Titled Tuesday intern op 01st Sept"]
[Site "Chess.com INT"]
[Date "2020.09.01"]
[Round "2"]
[White "Santiago, Yago de Moura"]
[Black "Corvi, Marco"]
[Result "1-0"]
[WhiteElo "2500"]
[BlackElo "2258"]
[PlyCount "61"]
[EventDate "2020.09.01"]
[EventType "swiss (blitz)"]
[EventRounds "10"]
[EventCountry "USA"]
[SourceTitle "CBM 198 Extra"]
[Source "ChessBase"]
[SourceDate "2020.11.30"]
[SourceVersion "1"]
[SourceVersionDate "2020.11.30"]
[SourceQuality "1"]

1. d4 f5 2. c4 Nf6 3. Nf3 e6 4. Nc3 Bb4 5. g3 0-0 6. Bg2 Ne4 7. Qc2 b6 8. 0-0 Bb7 9. d5 Bxc3 10. bxc3 exd5 11. cxd5 Bxd5 12. c4 Bc6 13. Bb2 Qe7 14. Rfd1 Na6 15. Ne5 Nac5 16. Nxc6 dxc6 17. Rd4 Rae8 18. e3 Ne6 19. Rd3 N6c5 20. Rd4 Ne6 21. Rxe4 fxe4 22. Qxe4 Ng5 23. Qxc6 Rxf2 24. Bd5+ Kh8 25. Kxf2 Qxe3+ 26. Kg2 Qe2+ 27. Kh1 Nh3 28. Bxg7+ Kxg7 29. Qd7+ Re7 30. Qxh3 Qb2 31. Qg4+ 1-0

[Event "Titled Tuesday intern op 25th Aug"]
[Site "Chess.com INT"]
[Date "2020.08.25"]
[Round "1"]
[White "Pinheiro, Iung Alicio"]
[Black "Corvi, Marco"]
[Result "1-0"]
[WhiteElo "2320"]
[BlackElo "2258"]
[PlyCount "89"]
[EventDate "2020.08.25"]
[EventType "swiss (blitz)"]
[EventRounds "10"]
[EventCountry "USA"]
[SourceTitle "CBM 198 Extra"]
[Source "ChessBase"]
[SourceDate "2020.11.30"]
[SourceVersion "1"]
[SourceVersionDate "2020.11.30"]
[SourceQuality "1"]

1. d4 f5 2. g3 Nf6 3. Bg2 d6 4. Nc3 c6 5. e4 e5 6. dxe5 dxe5 7. Qxd8+ Kxd8 8. Nf3 Bd6 9. Be3 Kc7 10. h3 h6 11. exf5 Bxf5 12. 0-0-0 Na6 13. a3 Rad8 14. Nd2 Rhe8 15. Nc4 Bc5 16. b4 Bxe3+ 17. Nxe3 Bh7 18. g4 Kc8 19. Nc4 Kc7 20. Rhe1 Rxd1+ 21. Nxd1 e4 22. Nc3 b5 23. Nd2 Kb6 24. Ndxe4 c5 25. Re3 Nxe4 26. Bxe4 Bxe4 27. Nxe4 cxb4 28. axb4 Nxb4 29. Kd2 Nd5 30. Re1 Nf4 31. h4 Rd8+ 32. Kc1 Nd5 33. Ng3 Nc3 34. Nf5 Rd7 35. Re6+ Kc5 36. Kb2 b4 37. Ne3 a5 38. Re5+ Kd4 39. Rxa5 Ke4 40. Rf5 Ne2 41. Nc4 Nd4 42. Re5+ Kf4 43. Re3 Nf3 44. Ne5 Ra7 45. Nxf3 1-0